[Event "EU-ch 12th"]
[Site "Aix les Bains"]
[Date "2011.03.23"]
[Round "2"]
[White "Swiercz, Dariusz"]
[Black "Rublevsky, Sergei"]
[Result "1/2-1/2"]
[WhiteElo "2557"]
[BlackElo "2678"]
[Annotator "Mullon,JB/Primel,D"]
[PlyCount "61"]
[EventDate "2011.03.22"]
[EventType "swiss"]
[EventRounds "11"]
[EventCountry "FRA"]
[SourceTitle "CBM 142 Extra"]
[Source "ChessBase"]
[SourceDate "2011.06.27"]
[SourceVersion "1"]
[SourceVersionDate "2011.06.27"]
[SourceQuality "1"]
[TimeControl "40/5400+30:1800+30"]

1. e4 c5 2. Nf3 e6 3. d4 cxd4 4. Nxd4 Nc6 5. Nc3 Qc7 6. Be2 a6 7. O-O Nf6 8.
Be3 Be7 9. f4 d6 10. Kh1 {01h27} O-O 11. Qe1 (11. a4 Bd7 12. Nb3 b6 13. Bf3) (
11. Bf3 Rb8) 11... Nxd4 (11... Bd7 12. Qg3) 12. Bxd4 b5 13. a3 (13. Qg3 Bb7 14.
a3 Bc6 15. Rae1 Qb7 16. Bd3 b4 17. axb4 Qxb4 18. Ne2 Qb7 19. e5 Nh5 (19... dxe5
20. Bxe5 Be4 21. Bxe4 Qxe4 22. Nd4 Qg6 23. f5 $36 {[%cal Ge1e7]}) 20. Qh3) (13.
e5 dxe5 14. Bxe5 Qb6 15. Qg3 Bb7 16. f5 exf5 17. Rxf5 g6 18. Raf1 Ne4 $132 {
Sokolov,A (2605)-Ivanchuk,V (2635) Linares 07th 1989 0-1}) 13... Nd7 {une
ligne secondaire relancée récemment} (13... Bb7 {la grande ligne} 14. Qg3) 14.
Qg3 Bf6 15. Bxf6 Nxf6 16. Bd3 Bb7 17. Rae1 {[%cal Ge4e5] 85"} Rad8 {JB Mullon:
In this position, the sicilian specialist Rublevsky seems to be ok. Two pieces
have disappeared from each camp, and white's attack could become an old dream
if nothing happens quickly} (17... Nd7 {[%cal Gd7c5]} 18. Nd1 $6 Nc5 19. Nf2 f6
20. c3 e5 $132 {[%emt 0:33:30] Caruana,F (2675)-Van Wely, L (2641)/ Corus Wijk
aan Zee (10)/1/2-1/2}) 18. Qh4 {66"} h6 (18... d5 $5 {Il semble plus sain
d'éviter d'affaiblir la structure de l'aile-roi car après l'arrivée de la R а
l'aile-roi, les Noirs seront sous pression} 19. e5 Ne4 $132) 19. Nd1 Rfe8 20.
Re3 Qc5 21. e5 Nh7 22. Rg3 {30" Une position crittique où les Blancs ont
dépensé une 1/2 а calculer les variantes.} Kh8 23. Ne3 Qd4 $2 24. Rxg7 $6 {
Spectaculaire mais Ng4 donnait une forte attaque aux Blancs} (24. Ng4 $142)
24... Kxg7 25. Ng4 Be4 26. Qxh6+ {09"} Kh8 27. Nf6 Bxd3 28. f5 Bxf5 29. Nxh7 {
05"} Bxh7 30. Qf6+ Kg8 31. Qxf7+ 1/2-1/2

[Event "EU-ch 16th"]
[Site "Jerusalem"]
[Date "2015.03.04"]
[Round "8"]
[White "Navara, David"]
[Black "Kempinski, Robert"]
[Result "1-0"]
[WhiteElo "2735"]
[BlackElo "2625"]
[Annotator "Navara,D"]
[PlyCount "63"]
[EventDate "2015.02.24"]
[EventType "swiss"]
[EventRounds "11"]
[EventCountry "ISR"]
[SourceTitle "CBM 166"]
[Source "ChessBase"]
[SourceDate "2015.05.11"]
[SourceVersion "1"]
[SourceVersionDate "2015.05.11"]
[SourceQuality "1"]

{My previous game against GM Kempinski was rather special and certainly worth
seeing. I gradually built up some advantage but then let my opponent escape
into a position where I had a queen against a bishop and a pawn, but no win!
In the end, my team was short of just half a point to win the league!} 1. e4 c5
2. Nf3 d6 3. d4 cxd4 4. Nxd4 Nf6 ({Here is the above-mentioned game:} 4... Nc6
5. Bc4 e6 6. Nc3 Be7 7. Be3 Nf6 8. Qe2 a6 9. O-O-O Qc7 10. Bb3 b5 11. g4 Nxd4
12. Bxd4 e5 13. Nd5 Nxd5 14. Bxd5 Bb7 15. Bc3 O-O 16. h4 Rfc8 17. a3 Bc6 18.
Bxc6 Qxc6 19. Rd5 Qb6 20. g5 Rc4 21. Ba5 Qb7 22. Rhd1 Rf8 23. Bb4 f6 24. b3 Rc6
25. Bxd6 Rfc8 26. R1d2 fxg5 27. Bxe5 gxh4 28. Kb1 Bf6 29. Rd7 $2 (29. Bxf6 $1
Rxf6 30. Rd7 $16) 29... Rxc2 $3 30. Rxb7 Rc1+ 31. Ka2 Bxe5 32. Rb2 h3 $1 {
What a picturesque position! Black has just a bishop and a pawn h3 in return
for the queen, but what a bishop and what a pawn!} ({When playing 29.Rd7?, I
only saw} 32... Bxb2 $2 33. Kxb2 h3 34. Rb8 $1 $18 {.}) {I spent almost all my
time and in the end at least found a draw.} 33. Qh5 Bxb2 34. Re7 h6 35. e5 Bxe5
36. Re8+ Rxe8 37. Qxe8+ Kh7 38. Qxe5 Rc2+ 39. Kb1 Rxf2 40. Qe4+ Kh8 41. Qe8+
Kh7 42. Qe4+ {1/2 (42) Navara,D (2708)-Kempinski,R (2586) Gorzow 2014. I very
much like such eventful games, even though there is no doubt that I like
winning, too!}) 5. Nc3 a6 6. Be2 e6 {This is a favourite line of my trainer
Vlastimil Jansa, who has taught me quite a lot. He plays the Scheveningen with
both colours and I am following in his footsteps.} 7. O-O Be7 8. f4 O-O 9. Kh1
Qc7 10. Qe1 ({I mostly focused on} 10. a4 {during my preparation, but then I
realised that I had forgotten to prepare for one important line, namely} Nc6
11. Be3 Nxd4 12. Qxd4 Bd7 {. I had played this line twice, each time getting
into problems.}) 10... Nc6 ({There is nothing wrong with} 10... b5 11. Bf3 Bb7
12. e5 Ne8 13. f5 dxe5 14. fxe6 Bxf3 $1 15. exf7+ Rxf7 16. Nxf3 Nd7 17. Bg5 Bf8
$1 $11 {. I had prepared an idea, but it was not particularly dangerous for
Black.}) 11. Be3 Na5 {GM Kempinski likes this knight sortie in similar
positions, so it was not a big surprise for me. I believe it to be risky, but
it is not easy to prove this.} ({The main continuation is} 11... Nxd4 12. Bxd4
b5 {and now} 13. Qg3 {seems to be the most accurate move, as it does not allow
13...Nd7.} (13. a3 Nd7 $5 14. Qg3 Bf6 $11) 13... Bb7 14. a3 {. One could write
a book on this particular line, but I prefer reading to writing.}) 12. Qg3 Nc4
13. Bxc4 Qxc4 14. Rad1 {White plays a useful move, keeping both options (e4-e5
and f4-f5) open.} ({Most of the previous games saw} 14. e5 {, but Black's
position looks solid enough after} Ne8 15. Rad1 f6 $5 {.}) 14... Qc7 15. f5 {
After the queen retreat this advance gains in strength.} Kh8 {I followed my
preparation until move 19, but could not recall it and therefore had to invent
the wheel once again.} 16. Bg5 {White would very much like to put his queen on
h4 and then switch one rook to h3 with a decisive attack. Black needs to
counter this plan quickly.} Nh5 17. Qh4 Bxg5 18. Qxg5 Nf6 19. Rd3 h6 ({After} 
19... e5 20. Nb3 $1 b5 21. Rg3 $1 Rg8 22. Rh3 {White has a strong attack, The
main threat is} Z0 23. Nd5 Nxd5 (23... Qd8 24. Na5 $3 $18 {shows why the
knight should go on b3 rather than e2.}) 24. Rxh7+ Kxh7 25. Qh5# {. Needless
to say, Black will not allow White to play two moves in a row. Still, I would
strongly recommend you to look for earlier improvements.}) 20. Rh3 (20. Qh4 {
also gives White some initiative.}) 20... Nh7 ({An interesting try was} 20...
Qd8 $5 {, defending f6.} {The computer suggests} 21. Qd2 $14 {, which is not
the most natural move in the world.}) 21. Qd2 Qe7 ({I considered} 21... exf5 $5
22. Nd5 (22. exf5 $14) 22... Qc4 23. Ne3 {, but unfortunately do not remember
my evaluation. Black's position looks scary, but} Qxa2 {might hold.}) 22. Rhf3
$1 {I very much wanted to play something more aggressive, but Black's king
position was just solid enough.} Nf6 (22... Bd7 $2 {loses to} 23. f6 gxf6 24.
Qxh6 {with a crushing attack.}) 23. g4 {This game was played in the eighth
round. When I played 6...h5 and 7...h4 in a solid line of the QID in the first
round, it took me 10 minutes to make such an adventurous decision. By round 4
I had already tried g2-g4-g5 and h2-h4-h5 as well, so the bold advance in the
game no longer looked too extravagant to me. The thrilling game Navara -
Nepomniachtchi from the 9th round was just a logical follow-up, if the word
"logical" might apply to such a crazy game.} ({After} 23. fxe6 fxe6 24. Nde2
Bd7 25. Nf4 (25. Rd1 $5) 25... Be8 {Black protects g6 in time.}) 23... exf5 24.
exf5 ({Houdini suggests} 24. Nxf5 Bxf5 25. exf5 $36 {, when} Nxg4 $2 {loses to}
26. f6 $1 gxf6 (26... Nxf6 27. Rxf6) 27. h3 $18 {Still, I wanted to justify
the g2-g4 advance by launching a direct attack.}) (24. gxf5 {is probably too
optimistic. Black should probably develop his bishop on b7. White's attack
looks dangerous, but probably brings nothing special.} b5 $1 {Kempinski} (24...
Nxe4 $6 25. f6 $1 {leads to crazy complications, which might slightly favour
White.} ({After} 25. Qe3 Re8 26. Re1 Nf2+ $6 {I missed} (26... Qf8 27. Nxe4 d5
{might be fine for Black}) 27. Kg1 $1 $16 Qxe3 28. Rexe3 Rxe3 29. Rxe3 Ng4 30.
Re8+ Kh7 31. Nd5 $16 {with a bind.}))) 24... b5 $1 {Black correctly looks for
counterplay.} 25. g5 Nh7 $6 (25... hxg5 $1 {(Houdini) might have been slightly
more accurate. Still, the position is very complicated.} 26. Rh3+ (26. Qxg5 Bb7
27. Kg1 Bxf3 28. Rxf3 Qe5 {looks dangerous for Black, but he seems to hold
after} 29. Rh3+ Kg8 30. Qh4 Nh5 $1 31. Qxh5 Qxd4+ 32. Kh1 f6 {.}) 26... Nh7 $1
27. Kg1 $44 {. I will not pretend to understand the position.}) (25... Bb7 26.
gxf6 Qxf6 27. Kg1 b4 28. Nce2 Bxf3 29. Rxf3 $14 {slightly favours White, whose
knights would like to attack Black's king. Still, White's king is also
weakened.}) 26. f6 $6 ({A much better move was} 26. gxh6 $1 $16 {.} {I was
afraid of} Bb7 $2 (26... gxh6 27. Nc6 Qg5 28. Qd4+ (28. Qxd6 $6 Bb7 29. Qc7 Ra7
$1 {might actually be good for Black. The threat of 30...Rc8 might be
unpleasant and} 30. Nxa7 $2 {even loses to} Rg8 $1 31. Qe5+ f6 32. Qe2 Qg4 $1 {
and 33...Ng5.}) 28... Qg7 {slightly favours White if my old laptop can be
trusted. Still, I could easily go astray along the way.} 29. f6 (29. Qb6 $5)
29... Qg4 30. Qxg4 Bxg4 31. Rg3 Be6 32. Ne7 $14) 27. hxg7+ Kxg7 28. f6+ $1 Qxf6
29. Qg2+ Qg6 {, missing an important "detail":} 30. Rxf7+ $1 Rxf7 31. Rxf7+
Kxf7 32. Qxb7+ {and the winner takes all.}) 26... gxf6 27. gxf6 Qe5 28. Nc6 Qc5
$2 {This move came as a pleasant surprise. It was connected with an ingenious
idea, which, however, failed to work. It did not take me much time to find the
refutation.} ({I was wondering what to do after} 28... Qh5 $1 $13 {. I very
much like to grab pawns, but} 29. Qxd6 $2 ({The best is} 29. Nd5 $1 $13 {
with approximate equality.}) 29... Bb7 {looked too scary even to me, as the
threats along the long diagonal are extremely dangerous. It is very easy for
White to lose in a couple of moves:} 30. Qd7 (30. Qc7 Rab8) 30... Ng5 $1 $17 (
30... Rab8 31. Ne4) 31. Rf5 Rab8 $1 $19 {and the pin decides.}) 29. Qxh6 Rg8
30. Nd8 $1 {When I touched the knight, GM Kempinski took his pen and intended
to write down 30.Ne7. After I put the knight on d8, he kept looking at the
board with his pen hanging in the air. This was indeed an unpleasant move to
face in his slight time trouble.} ({After} 30. Ne7 $2 Bb7 31. Nxg8 $6 Rxg8 {
White would be in deep trouble, as it is not easy to protect his king against
multiple threats.} 32. Qh3 (32. Qf4 Qg5 $1 $19) 32... Qe3 $5 $19 {leaves White
with no good moves left.}) 30... Qc7 $2 ({Black could put up resistance after} 
30... Ra7 $1 31. Rg3 Rxg3 32. hxg3 Qg5 {. White maintains a serious edge after}
33. Qxg5 Nxg5 34. Nd5 $1 Rd7 35. Nc6 Bb7 36. Nce7 Rc7 37. c3 $16 {, but he
still needs to display good play to score a point.}) 31. Rg1 Bg4 {Black allows
me to finish the game in style. True, there was nothing else to be done.} (
31... Qxd8 32. Rg7 $18) 32. Rh3 $1 {Black resigned as he cannot prevent the
mate on g7 (32...Bxh3 33.Rxg8+) or on h7. My knight on d8 plays an important
role, as it disconnects Black's rooks and also protects White's king against
the checks on the long diagonal. Grandmaster Kempinski played a good
tournament. He scored 2.5/3 in the final rounds and qualified for the World
Cup.} 1-0

[Event "URS U26-ch"]
[Site "Riga"]
[Date "1980.??.??"]
[Round "?"]
[White "Yurtaev, Leonid"]
[Black "Eingorn, Vereslav S"]
[Result "1-0"]
[WhiteElo "2365"]
[BlackElo "2470"]
[Annotator "Notkin,M"]
[PlyCount "83"]
[EventDate "1980.??.??"]
[EventType "tourn"]
[EventRounds "15"]
[EventCountry "URS"]
[EventCategory "7"]
[SourceTitle "MCL"]
[Source "ChessBase"]
[SourceDate "1999.07.01"]
[SourceVersion "1"]
[SourceVersionDate "1999.07.01"]
[SourceQuality "1"]

1. e4 c5 2. Nf3 e6 3. d4 cxd4 4. Nxd4 a6 5. Nc3 Qc7 6. Be2 Nf6 7. O-O d6 8. a4
Be7 9. f4 Nc6 10. Be3 O-O 11. Kh1 Re8 12. Qe1 (12. Bd3) (12. Bf3) 12... Nxd4
13. Bxd4 e5 14. fxe5 dxe5 15. Qg3 Bd8 16. Be3 Be6 $2 (16... Kh8 17. Bg5 Be6 18.
Rad1 Ng8 $1 (18... Rc8 $2 19. Rxd8 $1 Qxd8 20. Qh4 $40 {Lukin,A-Timoshchenko,G/
URS/1979/1:0 (28) Inf 28/448/}) 19. Be3 Nf6 20. Bg5 {Tal,M-Andersson,U/
Stockholm(m)/1976/}) 17. Bh6 g6 18. Rad1 Be7 (18... Rc8 $5 19. Bg5 (19. Rxd8 $2
Qxd8 20. Bg5 Rxc3 $1) 19... Nd7 20. Bg4 Bxg5 21. Bxe6 fxe6 22. Qxg5 Nf8 $14)
19. Nd5 $1 Bxd5 20. exd5 Ne4 (20... Qxc2 21. Qf2 $16) (20... Rad8 21. c4 $16)
21. Qe3 $1 f5 (21... Nd6 22. c4 $1 Nxc4 (22... b6 23. a5) (22... Rac8 23. Bg4
$1 Nxc4 24. Qf3) 23. Bxc4 Qxc4 24. Qf2 f5 25. Qb6 Qh4 26. Be3 $16) 22. g4 $1
Bc5 23. Qb3 (23. Qf3 $1 Nd6 24. gxf5 Nxf5 (24... gxf5 25. b4 $1 Ba7 26. c4 $18)
25. d6 $1 Nxd6 (25... Bxd6 26. Qd5+ Kh8 27. Rxf5 $18) (25... Qc6 26. Qxc6 bxc6
27. Bc4+ Kh8 28. d7 Red8 29. Bg5 Be7 30. Rxf5) 26. Rxd6 $1 Bxd6 27. Qd5+ Kh8
28. Rf7 Qc6 29. Bg7+ Kg8 30. Bc4 $18) 23... Qb6 24. Qxb6 Bxb6 25. d6 Nf2+ 26.
Rxf2 Bxf2 27. Bc4+ Kh8 28. d7 Red8 29. gxf5 Bh4 (29... gxf5 30. Be6 f4 31. Bg5
Kg7 32. Kg2 Bb6 33. Bxd8 Rb8 34. Kf3 $16) 30. Be6 gxf5 31. Bxf5 Rg8 32. Be4 (
32. a5 $5 $16) 32... Rab8 33. Rf1 $2 (33. h3 $16) 33... Rg4 $1 (33... Bg5 34.
Rf7 $1 $18) 34. Bd5 (34. Bf5 Rd4 35. Be6 Rd6 36. Rg1 Bf6 $10) 34... Rg6 35. Bf8
Rf6 36. Rxf6 Bxf6 37. Bh6 b5 38. axb5 Rxb5 39. c4 Rxb2 40. c5 Bd8 41. c6 Rb5 $4
(41... Rc2 $10) 42. Bg5 $1 $18 1-0

[Event "Bundesliga 9900"]
[Site "Germany"]
[Date "2000.01.30"]
[Round "9.4"]
[White "David, Alberto"]
[Black "Pelletier, Yannick"]
[Result "1/2-1/2"]
[WhiteElo "2520"]
[BlackElo "2478"]
[Annotator "Pelletier,Y"]
[PlyCount "56"]
[EventDate "1999.10.09"]
[EventType "team-tourn"]
[EventRounds "15"]
[EventCountry "GER"]
[SourceTitle "CBM 074 Extra"]
[Source "ChessBase"]
[SourceDate "2000.03.10"]
[SourceVersion "2"]
[SourceVersionDate "2000.03.10"]
[SourceQuality "1"]
[WhiteTeam "Godesberg"]
[BlackTeam "Werder Bremen"]
[WhiteTeamCountry "GER"]
[BlackTeamCountry "GER"]

1. e4 c5 2. Nf3 d6 3. d4 cxd4 4. Nxd4 Nf6 5. Nc3 a6 6. Be2 e6 7. O-O Be7 8. f4
Nc6 9. Kh1 O-O 10. a4 Qc7 11. Be3 Re8 12. Bf3 Rb8 13. g4 Nxd4 14. Bxd4 e5 15.
fxe5 dxe5 16. Ba7 Ra8 17. g5 Rd8 18. Qe2 Ne8 19. Be3 Be6 20. Bg4 ({Die
Alternative lautet} 20. Qf2) 20... Nd6 $1 {[%csl Rd5][%mdl 8] Diesen Zug hatte
ich vorbereitet, nachdem 20.Bg4 infolge der Partien Van der Wiel-Dao (Wijk aan
Zee 1997) und Khalifman-Akopian (Ubeda 1997) populär geworden war. Inzwischen
wurde er natürlich schon erprobt, denn es ist klar, dass Schwarz sich nicht
von seinem weissfeldrigen Läufer trennen sollte, ohne das Feld d5 weiterhin zu
kontrollieren.} (20... Bc4 21. Qf2 (21. Qf3 {ist angesichts} Bb4 $1 {weniger
präzis}) 21... Qc6 22. b3 Bxf1 23. Rxf1 f6 24. Nd5 Rxd5 25. exd5 Qxd5+ 26. Bf3
{geschah in den vorgenannten Partien; Weiss besitzt eine chancenreiche
Stellung.}) 21. Bxe6 fxe6 22. g6 hxg6 (22... h6 23. Qg4 Qc4 24. Bxh6 gxh6 25.
Nd5 exd5 26. Qe6+ Kh8 27. Qxe5+ Kg8 28. Qe6+ Kh8 29. Qe5+ (29. Rae1 Bf8 30.
Rxf8+ $140 Rxf8 31. g7+ Kh7 32. gxf8=N+ Rxf8 $19) 29... Kg8 {ist auch
Dauerschach, obwohl der Weg, der dazu führt, viel chaotischer ist.}) 23. Qg4
Qc4 {[%cal Gc4e4,Yc4e6]} 24. b3 {Weiss entscheidet sich für ein Remis.} ({Nach
} 24. Qxg6 {wäre aber Schwarz auf keinen Fall schlechter gestanden.}) 24...
Qxc3 25. Qxe6+ Kh7 26. Qh3+ Kg8 27. Qe6+ Kh7 28. Qh3+ Kg8 ({Es war möglich,
mittels} 28... Bh4 {ein bisschen weiterzuspielen. Nach} 29. Qxh4+ Kg8 30. Bg5
$1 (30. Qh3 Re8 (30... Qc8 31. Qg2) 31. Rad1 Nxe4 $15 32. Rd7 $140 Ng5 $1 33.
Rxg7+ Kxg7 34. Qd7+ Kg8 35. Bxg5 Qc6+ $19) 30... Rf8 (30... Re8 31. Rad1) 31.
Qg4 (31. Be7 Rf4 $1 {[%csl Ra1]} 32. Qg3 Qxg3 33. hxg3 Rxf1+ 34. Rxf1 Nxe4 $15)
31... Qxc2 32. Qe6+ Rf7 (32... Nf7 $6 33. Qd5) 33. Rxf7 Nxf7 34. Rf1 (34. Qd5
Qe2 $1) 34... Qxe4+ 35. Kg1 {müsste Schwarz aber doch mit} Qd4+ {ins
Dauerschach einwilligen.}) 1/2-1/2